MARC

LEADER 00000nam0a2200000 4500
001 306345
005 20231102001903.0
035 |a (RuTPU)RU\TPU\book\331622 
090 |a 306345 
100 |a 20151006d1983 km y0rusy50 ca 
101 0 |a rus 
102 |a LV 
105 |a a z 101zy 
200 1 |a Вычислительные сети коммутации пакетов  |e тезисы докладов третьей Всесоюзной конференции  |h Ч. 1  |f Академия наук СССР (АН СССР) ; Академия наук Латвийской ССР (АН ЛатССР), Институт электроники и вычислительной техники (ИЭиВТ) 
210 |a Рига  |c Изд-во ИЭиВТ  |d 1983 
215 |a 231 с.  |c ил. 
320 |a Библиогр. в конце ст. 
606 1 |a Вычислительные сети  |x Протоколы  |2 stltpush  |3 (RuTPU)RU\TPU\subj\4245  |9 32537 
610 1 |a пакет программ 
610 1 |a коммутация 
610 1 |a конференции 
610 1 |a Латвия 
610 1 |a передача данных 
610 1 |a протоколы 
610 1 |a взаимообмен 
610 1 |a технические средства 
610 1 |a ЭВМ 
610 1 |a построение 
610 1 |a эксплуатация 
675 |a 681.324(063)  |v 4 
712 0 2 |a Академия наук СССР (АН СССР)  |c (Ленинград/Москва)  |c (1925-1991)  |2 stltpush  |3 (RuTPU)RU\TPU\col\722 
712 0 2 |a Академия наук Латвийской ССР (АН ЛатССР)  |b Институт электроники и вычислительной техники (ИЭиВТ)  |2 stltpush  |3 (RuTPU)RU\TPU\col\6601 
712 1 2 |a Вычислительные сети коммутации пакетов  |b конференция  |d 3  |e Рига  |f 1983  |4 570 
801 1 |a RU  |b 63413507  |c 20151006 
801 2 |a RU  |b 63413507  |c 20190718  |g RCR 
942 |c BK